000 00361nam a2200145Ia 4500
100 _aWyatt/Allen/ Nameroff/S.
942 _cBK
654 _aWord perfect 6 Complete reference
245 _aWord Perfect 6: Complete Reference
260 _bOsborne Mc graw Hill
_aCalifornia
_c1993
082 _a1.642
_bPAN
300 _a981
546 _aENGLISH
999 _c29301
_d29301